| 000 | 02740nam a2200217 a 4500 | ||
|---|---|---|---|
| 001 | 000046400 | ||
| 005 | 20201002052837.0 | ||
| 008 | 150807s2005 cl ab 000 0 spa d | ||
| 020 | _a9580486751 | ||
| 040 |
_aDO-SdBNP _bspa _cBNPHU |
||
| 041 | 1 | 7 |
_aspa _heng |
| 082 |
_axxxx _bxxxx |
||
| 100 | 1 |
_aShenkar, Oded _973302 |
|
| 240 | 1 | 3 |
_aThe Chinise century _gthe rising Chinise economy and its impact on the global economy the balance of power |
| 245 | 1 | 3 |
_aEl siglo de China : _bla floreciente economía de China y su impacto en la economía global, en el equilibrio de poder y en los empleos / _cOded Shenkar ; traducción, Jorge Cárdenas Nannetti. |
| 260 |
_aBogotá, Colombia : _bNorma, _c2005. |
||
| 300 |
_aix, 270 p. : _bil., mapas ; _c23 cm. |
||
| 505 | 0 |
_aLos albores del siglo de la China -- _tLa China en la economía global -- _tA pasos agigantados -- _tLa China se enfrenta al mundo -- _tDónde están los empleos -- _tUn paraíso para el consumidor -- _tEl reajuste que viene -- _tEl reino medio -- _tUna herencia imperial (pero no imperialista) -- _tLa era moderna : la China y las potencias extranjeras -- _tLa China bajo el comunismo -- _tEl período de reforma -- _tNobles aspiraciones -- _tComo Ninguna otra -- _t¿Es la China un nuevo Japón? -- _tDragones grandes y pequeños -- _tLa China y la India : un cuento de dos países -- _tDe Calientes a aviones -- _tEl legado de la tecnología -- _tAscenso por la escala tecnológica -- _tAprovechamiento de la inversión extranjera -- _tActualización del personal chino -- _tLlevar la tecnología a la empresa -- _tEl rolex de dos dolares -- _tLas huellas del yanqui -- _tCostos y beneficios de la violaciones -- _tUna industria en formación -- _tPiratería de productos digitalizados -- _tProteción que no protege -- _tGlobalización de la piratería y la falsificación -- _tMarcha adelante -- _tEl reto empresarial -- _tCuentos de la industria -- _tLa geografía del impacto chino -- _t¿Qué sigue ahora? -- _tPreparación para el siglo de la China -- _tVamos a oriente donde hay empleos -- _tMigración y empleos : mito y realidad -- _tQuiénes se benefician -- _tLa economía de la migración de empleos -- _t¿Volvemos a las andadas? -- _tLa China y el mercado mundial del trabajo -- _t¿Está en peligro su empleo? -- _tUn televisor de Sichuán -- _tLa fábrica dle mundo encuentra al consumidor del mundo -- _tLa nación de Wal-Mart -- _tUna cancha pareja -- _tFijación de precios -- _t¿Compraría usted un producto chino? -- _t¿Vuelve el "compre americano"? -- _tla China surge -- _tAnalogías mal entendidas -- _tLa tortuga la liebre -- _tLa China y la Organización Mundial de Comercio -- _tComposiciones de lugar para el futuro -- |
|
| 505 | 0 | _aFisuras. | |
| 700 | 1 | 2 |
_aCárdenas Nannetti, Jorge, _etrad. _942922 |
| 999 |
_c45889 _d45889 |
||